[Event "Ambelokipi op 71st"]
[Site "Athens"]
[Date "2006.09.11"]
[Round "1"]
[White "Giokas, Hristos"]
[Black "Delithanasis, Dimitrios"]
[Result "0-1"]
[WhiteElo "1913"]
[BlackElo "2264"]
[PlyCount "63"]
[EventDate "2006.09.09"]
[EventType "swiss"]
[EventRounds "7"]
[EventCountry "GRE"]
[SourceTitle "EXT 2007"]
[Source "ChessBase"]
[SourceDate "2006.11.23"]
[SourceVersion "1"]
[SourceVersionDate "2006.11.23"]
[SourceQuality "1"]

1. e4 e5 2. Nc3 Nf6 3. g3 d5 4. exd5 Nxd5 5. Bg2 Ne7 6. Nge2 Nbc6 7. f4 exf4 8. Nxf4 g6 9. 0-0 Bg7 10. Ncd5 0-0 11. c3 Nxd5 12. Nxd5 Be6 13. Nf4 Bc4 14. d3 Ba6 15. Nd5 Ne5 16. c4 c6 17. Nb4 Qb6+ 18. d4 Qxb4 19. dxe5 Qc5+ 20. Kh1 Bxc4 21. Qc2 Qb5 22. a4 Qb3 23. Qxb3 Bxb3 24. Bf4 Rfe8 25. Rfe1 Rad8 26. Ra3 Rd1 27. Rxd1 Bxd1 28. Rd3 Bxa4 29. Rd7 Bxe5 30. Be3 Bxb2 31. Bxa7 c5 32. Rxb7 0-1

[Event "Athens Siaperas Memorial 2nd"]
[Site "Athens"]
[Date "2006.02.22"]
[Round "2"]
[White "Giokas, Hristos"]
[Black "Kostouros, Alexandros"]
[Result "0-1"]
[WhiteElo "1910"]
[BlackElo "2171"]
[PlyCount "54"]
[EventDate "2006.02.18"]
[EventType "swiss"]
[EventRounds "5"]
[EventCountry "GRE"]
[SourceTitle "EXT 2024"]
[Source "ChessBase"]
[SourceDate "2023.10.10"]
[SourceVersion "1"]
[SourceVersionDate "2023.10.10"]
[SourceQuality "1"]

1. e4 e5 2. Nc3 Bc5 3. g3 Nc6 4. Bg2 Nf6 5. Nge2 a6 6. 0-0 d6 7. h3 Be6 8. d3 Qd7 9. Kh2 h5 10. f4 Ng4+ 11. Kh1 g6 12. Qe1 0-0-0 13. f5 gxf5 14. Bg5 Rdg8 15. hxg4 hxg4+ 16. Bh4 f4 17. Nxf4 exf4 18. Rxf4 Ne5 19. Ne2 Ng6 20. c3 Be3 21. Bf1 Bxf4 22. Nxf4 Nxf4 23. gxf4 g3 24. f5 Rxh4+ 25. Kg1 Bxf5 26. exf5 Qxf5 27. Bg2 Qf2+ 0-1

[Event "Heraklio op 9th"]
[Site "Heraklion"]
[Date "2005.??.??"]
[Round "6"]
[White "Giokas, Hristos"]
[Black "Kampitsis, Vasilios"]
[Result "1-0"]
[WhiteElo "1915"]
[BlackElo "2090"]
[PlyCount "65"]
[EventDate "2005.06.??"]
[EventType "swiss"]
[EventRounds "9"]
[EventCountry "GRE"]
[SourceTitle "EXT 2007"]
[Source "ChessBase"]
[SourceDate "2006.11.23"]
[SourceVersion "1"]
[SourceVersionDate "2006.11.23"]
[SourceQuality "1"]

1. e4 c5 2. d3 Nc6 3. g3 e6 4. Bg2 Nge7 5. Nf3 g6 6. 0-0 Bg7 7. c3 0-0 8. Re1 d6 9. Nbd2 b5 10. Nf1 b4 11. d4 Rb8 12. cxb4 cxd4 13. a3 Ba6 14. h4 d5 15. e5 Nf5 16. h5 h6 17. hxg6 fxg6 18. N1h2 Rb7 19. Bd2 Rbf7 20. a4 Bd3 21. b5 Ne3 22. fxe3 Nxe5 23. Bb4 Nxf3+ 24. Nxf3 Rxf3 25. Bxf3 Qg5 26. Bxf8 Qxg3+ 27. Bg2 Be4 28. Qd2 Be5 29. Bxh6 dxe3 30. Bxe3 d4 31. Bh6 Qh2+ 32. Kf1 Bf4 33. Bxf4 1-0

[Event "Heraklio op 9th"]
[Site "Heraklion"]
[Date "2005.??.??"]
[Round "9"]
[White "Valden, Petros"]
[Black "Giokas, Hristos"]
[Result "1-0"]
[WhiteElo "2185"]
[BlackElo "1915"]
[PlyCount "57"]
[EventDate "2005.06.??"]
[EventType "swiss"]
[EventRounds "9"]
[EventCountry "GRE"]
[SourceTitle "EXT 2007"]
[Source "ChessBase"]
[SourceDate "2006.11.23"]
[SourceVersion "1"]
[SourceVersionDate "2006.11.23"]
[SourceQuality "1"]

1. d4 Nf6 2. Nf3 d5 3. c4 e6 4. Nc3 Be7 5. Bg5 h6 6. Bh4 0-0 7. e3 Ne4 8. Bxe7 Qxe7 9. Rc1 Nxc3 10. Rxc3 Nd7 11. cxd5 Nf6 12. dxe6 Bxe6 13. a3 Rad8 14. Be2 g5 15. 0-0 Kg7 16. Ne5 Rh8 17. Bc4 Ne4 18. Rc1 c5 19. Bxe6 Qxe6 20. Qc2 Nd6 21. Qxc5 Rc8 22. Qxa7 Rxc1 23. Rxc1 Rc8 24. Rxc8 Qxc8 25. Qc5 Qf5 26. h3 Qb1+ 27. Kh2 Qxb2 28. Qxd6 Qxf2 29. Qxh6+ 1-0

[Event "Kallithea op"]
[Site "Kallithea"]
[Date "2004.09.11"]
[Round "3"]
[White "Papageorgopoulos, Georgios"]
[Black "Giokas, Hristos"]
[Result "0-1"]
[WhiteElo "1920"]
[BlackElo "1949"]
[PlyCount "72"]
[EventDate "2004.09.09"]
[EventType "swiss"]
[EventRounds "9"]
[EventCountry "GRE"]
[SourceTitle "EXT 2006"]
[Source "ChessBase"]
[SourceDate "2005.11.24"]
[SourceVersion "1"]
[SourceVersionDate "2005.11.24"]
[SourceQuality "1"]

1. e4 c5 2. Nf3 a6 3. d4 cxd4 4. Nxd4 Nf6 5. Bd3 e5 6. Nf3 d5 7. Qe2 dxe4 8. Bxe4 Nxe4 9. Qxe4 Nc6 10. 0-0 Bd6 11. Rd1 Qe7 12. Nc3 Be6 13. Bg5 f6 14. Bh4 0-0-0 15. Nd5 Bxd5 16. Rxd5 g5 17. Bg3 Bc7 18. Qf5+ Kb8 19. Rad1 h5 20. h4 g4 21. Nh2 Rxd5 22. Rxd5 Nd4 23. Qd3 Qe6 24. c4 Kc8 25. Nf1 Nf5 26. Qe2 Rd8 27. Rxd8+ Bxd8 28. b3 Bb6 29. Kh2 Qd7 30. Ne3 Bxe3 31. fxe3 e4 32. Qf2 Qe6 33. Qf4 Nxg3 34. Kxg3 Kd7 35. a4 a5 36. Qh6 Qe5+ 0-1